Statistics for L Answers Quiz #1

Click here to take the quiz!

General Stats

  • This quiz has been taken 39,072 times
    (28,527 since last reset)
  • The average score is 17 of 24

Answer Stats

Clue Answer % Correct
Beethoven's first nameLudwig
95%
One of the SkywalkersLuke
93%
Language of the ancient RomansLatin
92%
The Beatles' city of originLiverpool
87%
Name of eighteen French kingsLouis
87%
Ninja Turtle or Renaissance manLeonardo
86%
North African countryLibya
85%
Primate found only in MadagascarLemur
83%
Animal that can't change its spotsLeopard
83%
Mischievous Irish impLeprechaun
80%
Type of blood or bone marrow cancerLeukemia
77%
Country surrounded by South AfricaLesotho
76%
Former name of St. PetersburgLeningrad
75%
Political party of Tony BlairLabour
69%
Native American stick sportLacrosse
66%
German air forceLuftwaffe
64%
Olympic sledding eventLuge
63%
Third book of the BibleLeviticus
60%
Biggest city in NigeriaLagos
59%
Greek island of SapphoLesbos
50%
Famous female fossil of AustralopithecusLucy
45%
Controversial Nabokov novelLolita
44%
Region of northern Scandinavia and RussiaLapland
43%
Boston's airportLogan
36%

Score Distribution

Percentile by Number Answered

Percent of People with Each Score

Your Score History

You have not taken this quiz since the last reset